Normal view MARC view

Entry Corporate Name

Number of records used in: 1

001 - CONTROL NUMBER

  • control field: 3475

003 - CONTROL NUMBER IDENTIFIER

  • control field: OSt

005 - DATE AND TIME OF LATEST TRANSACTION

  • control field: 20110505095732.0

008 - FIXED-LENGTH DATA ELEMENTS

  • fixed length control field: 110505|||a|||||| | ||| d

040 ## - CATALOGING SOURCE

  • Original cataloging agency: OSt
  • Transcribing agency: OSt

110 ## - HEADING--CORPORATE NAME

  • Corporate name or jurisdiction name as entry element: Great Britain.
  • Subordinate unit: High Court of Justice.
  • Subordinate unit: Exchequer Division.

670 ## - SOURCE DATA FOUND

  • Source citation: Work cat.: (OSt)0: The Law reports 1899 Vol. 2 / Cases determined by the Queen's Bench Division and by the Common Pleas and Exchequer divisions of the High Court of Justice, and by the Court of Appeal on appeal therefrom, and by the Court for Crown Cases Reserved., 1974.